export_success — 

Roman Herzog : der erste gesamtdeutsche Präsident /

Saved in:
Bibliographic Details
Main Author: Wiedemeyer, Wolfgang.
Format: Book
Language:German
Published: München : Bonn Aktuell, 1994.
Subjects:
Tags: Add Tag
No Tags, Be the first to tag this record!
LEADER 01052cam a2200301 a 4500
001 005131306-5
005 20020606095253.2
008 950413s1994 gw a b 001 0bger c
010 |a  95140897 //r952 
020 |a 3879595143 
035 0 |a ocm32386390 
040 |a CU  |c CUY  |d DLC  |d HLS 
042 |a lcnccp 
043 |a e-gx--- 
050 0 0 |a DD290.33.H47  |b W54 1994 
082 0 0 |a 943.087/9/092  |a B  |2 20 
100 1 |a Wiedemeyer, Wolfgang. 
245 1 0 |a Roman Herzog :  |b der erste gesamtdeutsche Präsident /  |c Wolfgang Wiedemeyer ; mit Photos von Helmut R. Schultze. 
260 |a München :  |b Bonn Aktuell,  |c 1994. 
300 |a 141 p. :  |b ill. ;  |c 24 cm. 
504 |a Includes bibliographical references (p. 141) and index. 
600 1 0 |a Herzog, Roman,  |d 1934-2017. 
650 0 |a Presidents  |z Germany  |v Biography. 
651 0 |a Germany  |x Politics and government  |y 1990- 
655 7 |a Biography.  |2 fast 
776 0 8 |i Online version:  |a Wiedemeyer, Wolfgang.  |t Roman Herzog.  |d München : Bonn Aktuell, 1994  |w (OCoLC)654522702 
988 |a 20020608 
906 |0 OCLC